| 000 | 01185nam a2200265Ia 4500 | ||
|---|---|---|---|
| 003 | GCL | ||
| 008 | 140319s9999 xx 000 0 ara d | ||
| 020 | _a4110320977 | ||
| 040 |
_aGCL / _cGCL |
||
| 082 | 0 | 4 |
_aق _b327.62073 _bا ص |
| 100 | 1 | _aاشرف غربال | |
| 245 | 1 | 0 |
_aصعود وانهيار علاقات مصر وأمريكا : _bمذكرات اشرف غربال / _cاشرف غربال |
| 250 | _aالاولى | ||
| 260 |
_aالقاهرة : _bمركز الاهرام للترجمة والنشر ، _c2004 |
||
| 300 |
_a196 ص ؛ _c28 سم |
||
| 650 | 0 | 4 | _aالنزاع العربى الاسرائيلى |
| 650 | 0 | 4 | _aالتسوية السلمية للمنازعات الدولية |
| 650 | 0 | 4 | _aمصر - تاريخ - العصر الحديث - جمال عبدالناصر ( 1954-1970 ) |
| 650 | 0 | 4 | _aمصر - الاحوال السياسية |
| 650 | 0 | 4 | _aمصر - تاريخ - العصر الحديث - انور السادات (1971 - 1981) |
| 650 | 0 | 4 | _aالبيت الابيض |
| 650 | 0 | 4 | _aمصر - العلاقات الخارجية - الولايات المتحدة الامريكية |
| 650 | 0 | 4 | _aاشرف غربال - مذكرات |
| 942 |
_2ddc _cBK |
||
| 999 |
_c56953 _d56953 |
||